000 00808nam a2200253 4500
001 11888
003 HDC
007 cr bn ---aaaaa
008 210208c dr|noo 0 a eng d
040 _aHDC
100 _aOsman Razali
_eauthor
_912254
245 0 _aRM3 biliion bantu PKS Sarawak /
_cby Osman Razali
260 _a[No place] :
_bUtusan Sarawak,
_c[no year]
336 _atext
_2rdacontent
337 _acomputer
_2rdamedia
338 _aonline resource
_2rdacarrier
650 _aFunding
_99282
650 _aHalal hub
_92262
710 _aUtusan Sarawak
856 _zRequest full-text at [email protected]
942 _2lcc
942 _cNEWS
942 _kNWSO 002369
999 _c9211
_d9211